000 00662nam a2200205 i 4500
001 10096
003 ES-MaACL
005 20230906145822.0
007 t|
008 950209s1991 sp ||||1| spa d
080 _a86(Bravo-Villasante,C.):016
080 _a016:92 Bravo-Villasante,Carmen
100 1 _aRamírez Ovelar, Juan Antonio.
_995164
245 1 0 _aBibliografía de Carmen Bravo-Villasante /
_cJuan Antonio Ramírez Ovelar.
260 _aMadrid :
_b[s.n.],
_c1991.
300 _a103 p. ;
_c20 cm.
600 0 4 _aBravo-Villasante, Carmen,
_d1918-1994-
_vBibliografías
_931508
852 _aES-MaACL
_jL-17588
_bR.121244
999 _c10096
_d10096